Aktuálne problémy vedeckej tvorby a vedeckej komunikácie
Implementovanie odporúčaných postupov vedecko-výskumnej tvorby. Využívanie vedeckých databáz z e-zdrojov.
Enregistré dans:
| Auteur principal: | |
|---|---|
| Autres auteurs: | |
| Format: | Chapitre de livre |
| Langue: | slovaque |
| Sujets: | |
| Tags: |
Pas de tags, Soyez le premier à ajouter un tag!
|
MARC
| LEADER | 00000nla$a2200000$$$4500 | ||
|---|---|---|---|
| 001 | 0146199 | ||
| 005 | 20240605121406.0 | ||
| 041 | 0 | |a slo | |
| 044 | |a SK | ||
| 245 | 1 | 0 | |a Aktuálne problémy vedeckej tvorby a vedeckej komunikácie |c Valéria Michalová, Ivana Holubcová |
| 520 | |a Implementovanie odporúčaných postupov vedecko-výskumnej tvorby. Využívanie vedeckých databáz z e-zdrojov. | ||
| 610 | 2 | 0 | |a veda ekonomická |
| 610 | 2 | 0 | |a vzdelávanie |
| 610 | 2 | 0 | |a služby znalostné |
| 610 | 2 | 0 | |a báza dát |
| 610 | 2 | 0 | |a komunikácia |
| 610 | 2 | 0 | |a metodológia vied |
| 100 | 1 | |a Michalová, Valéria | |
| 700 | 1 | |a Holubcová, Ivana, 1982- | |